|
|
|
|
| LEADER |
00000nam0a2200000 4500 |
| 001 |
112510 |
| 005 |
20231101215051.0 |
| 010 |
|
|
|a 5020065722
|
| 020 |
|
|
|a RU
|b 89-24745
|
| 035 |
|
|
|a (RuTPU)RU\TPU\book\121653
|
| 090 |
|
|
|a 112510
|
| 100 |
|
|
|a 20070329d1989 k a0rusy5003 ca
|
| 101 |
0 |
|
|a rus
|
| 102 |
|
|
|a RU
|
| 105 |
|
|
|a a z 001zy
|
| 200 |
1 |
|
|a Лингвистическое обеспечение системы ЭТАП-2
|f Ю. Д. Апресян [и др.]
|
| 210 |
|
|
|a Москва
|c Наука
|d 1989
|
| 215 |
|
|
|a 294,[1] с.
|c ил.
|d 21 см
|
| 320 |
|
|
|a Библиогр.: с. 289-291
|
| 606 |
|
|
|a Перевод автоматический
|2 stltpush
|3 (RuTPU)RU\TPU\subj\48483
|9 67344
|
| 610 |
1 |
|
|a английский язык
|
| 610 |
1 |
|
|a переводы
|
| 610 |
1 |
|
|a лингвистическое обеспечение
|
| 686 |
|
|
|a Ш111.2
|2 rugasnti
|
| 701 |
|
1 |
|a Апресян
|b Ю. Д.
|g Юрий Дереникович
|
| 701 |
|
1 |
|a Богуславский
|b И. М.
|g Игорь Михайлович
|
| 701 |
|
1 |
|a Иомдин
|b Л. Л.
|g Леонид Лейбович
|
| 701 |
|
1 |
|a Лазурский
|b А. В.
|g Александр Вадимович
|
| 701 |
|
1 |
|a Перцов
|b Н. В.
|
| 701 |
|
1 |
|a Санников
|b В. З.
|
| 701 |
|
1 |
|a Цинман
|b Л. Л.
|
| 801 |
|
0 |
|a RU
|b RuMRKP
|c 19950417
|g psbo
|
| 801 |
|
1 |
|a RU
|b 63413507
|c 20070329
|g PSBO
|
| 801 |
|
2 |
|a RU
|b 63413507
|c 20171226
|g PSBO
|
| 942 |
|
|
|c BK
|